Προσευχές : για την Α' και Β' τάξι

Αποθηκεύτηκε σε:
Λεπτομέρειες βιβλιογραφικής εγγραφής
Κύριος συγγραφέας: Παπαγαθαγγέλου, Σταύρος, 1911-2001
Μορφή: Βιβλίο
Γλώσσα:Greek
Δημοσίευση: Αθήνα : Έκδοσις της ''Χριστιανικής Ενώσεως Εκπαιδευτικών Λετουργών'', 1969.
Θέματα:
Ετικέτες: Προσθήκη ετικέτας
Δεν υπάρχουν, Καταχωρήστε ετικέτα πρώτοι!

MARC

LEADER 00000nam a2200000 a 4500
001 1/126419
008 230404s1969####gr | ||| |||| ||gre||
040 |a GR-MyUa  |b gre  |c GR-MyUa  |e AACR2 
041 0 |a gre 
082 7 |a 242.82   |2 (23) 
100 1 |a Παπαγαθαγγέλου, Σταύρος,   |d 1911-2001. 
245 1 0 |a Προσευχές :   |b για την Α' και Β' τάξι /   |c [Παπασταύρου Παπαγαθαγγέλου]. 
260 |a Αθήνα :   |b Έκδοσις της ''Χριστιανικής Ενώσεως Εκπαιδευτικών Λετουργών'',   |c 1969. 
300 |a 73 σ. :   |b εικ. ;   |c 21 εκ.  
500 |a Αυτοσχέδιες προσευχές δια την Α' και Β' τάξιν του Δημοτικού. 
650 0 |a Religion  |x Study and teaching (Elementary)  |z Greece. 
650 0 |a Prayer  |x Christianity. 
852 |a INST  |b RHODES  |c AKA  |e 20230404  |h 242.82 ΠΑΠ  |p 005400043501  |q 005400043501  |t BK  |y 0 
970 |z 04-04-2023